<?xml version="1.0" encoding="UTF-8"?>
<collection xmlns="http://www.loc.gov/MARC21/slim">
  <record>
    <leader>00000nam  2200000   4500</leader>
    <controlfield tag="001">INLIS000000000007874</controlfield>
    <controlfield tag="008">###################################ind##</controlfield>
    <datafield tag="035" ind1="#" ind2="#">
      <subfield code="a">0010-0420001165</subfield>
    </datafield>
    <datafield tag="245" ind1="#" ind2="#">
      <subfield code="a">Optimalisasi Pengelolaan Data Pengembangan Kompetensi Aparatur dan Monitoring Pasca Diklat Melalui SIKEMBANG SIMPUR (Sistem Informasi Kebutuhan dan Monitoring Pengembangan Kompetensi Manajerial dan Pemerintahan Aparatur) Pada Badan Kepegawaian dan Pengembangan SDM Daerah Kabupaten Bangka /</subfield>
      <subfield code="c">Fitri Yuniesyah</subfield>
    </datafield>
    <datafield tag="100" ind1="#" ind2="#">
      <subfield code="a">Yuniesyah, Fitri</subfield>
    </datafield>
    <datafield tag="250" ind1="#" ind2="#">
      <subfield code="a">1</subfield>
    </datafield>
    <datafield tag="260" ind1="#" ind2="#">
      <subfield code="a">Sumedang :</subfield>
      <subfield code="b">PKP2A I LAN,</subfield>
      <subfield code="c">2018</subfield>
    </datafield>
    <datafield tag="084" ind1="#" ind2="#">
      <subfield code="a">R P4/B/009 2018</subfield>
    </datafield>
    <datafield tag="520" ind1="#" ind2="#">
      <subfield code="a">Coach : Anita Ilyas</subfield>
    </datafield>
    <datafield tag="082" ind1="#" ind2="#">
      <subfield code="a">R P4/B/009 2018</subfield>
    </datafield>
    <datafield tag="990" ind1="#" ind2="#">
      <subfield code="a">PP4.2018.00049</subfield>
    </datafield>
  </record>
</collection>
